Search the Library Catalogue
| 000 -LEADER | |
|---|---|
| fixed length control field | 00725nam a2200205Ia 4500 |
| 008 - FIXED-LENGTH DATA ELEMENTS--GENERAL INFORMATION | |
| fixed length control field | 191130s2006##################000#0#eng## |
| 020 ## - INTERNATIONAL STANDARD BOOK NUMBER | |
| International Standard Book Number | 9780230002128 |
| 040 ## - CATALOGING SOURCE | |
| Original cataloging agency | ACL |
| Transcribing agency | ACL |
| 082 ## - DEWEY DECIMAL CLASSIFICATION NUMBER | |
| Classification number | 307.76094 PHE |
| 100 ## - MAIN ENTRY--PERSONAL NAME | |
| Personal name | Phelps, Nicholas A |
| 245 ## - TITLE STATEMENT | |
| Title | Post-suburban Europe : planning and politics at the margins of Europe’s capital cities |
| Statement of responsibility, etc. | Nicholas A. Phelps ... [et al.] |
| 260 ## - PUBLICATION, DISTRIBUTION, ETC. | |
| Place of publication, distribution, etc. | New York |
| Name of publisher, distributor, etc. | [publisher not identified] |
| Date of publication, distribution, etc. | C2006 |
| 300 ## - PHYSICAL DESCRIPTION | |
| Extent | xiii, 233 p. : ill., maps ; 23 cm. ; HBK |
| 500 ## - GENERAL NOTE | |
| General note | Includes bibliographical references (p. 214-226) and index |
| 650 ## - SUBJECT ADDED ENTRY--TOPICAL TERM | |
| Topical term or geographic name entry element | City planning --Europe |
| Topical term or geographic name entry element | Suburbs --Europe |
| 990 ## - EQUIVALENCES OR CROSS-REFERENCES [LOCAL, CANADA] | |
| Link information for 9XX fields | 86479564ac10000c4ca0a942d01c8ed1 |
| 991 ## - | |
| -- | 197957 |
| Withdrawn status | Lost status | Materials specified (bound volume or other part) | Damaged status | Not for loan | Home library | Current library | Shelving location | Date acquired | Total Checkouts | Full call number | Barcode | Date last seen | Price effective from | Koha item type |
|---|---|---|---|---|---|---|---|---|---|---|---|---|---|---|
| hbk | Anna Centenary Library | Anna Centenary Library | 3RD FLOOR, B WING | 09.10.2020 | 307.76094 PHE | 308583 | 09.10.2020 | 09.10.2020 | English Books |